000
00319nam a2200133Ia 4500
005
20260328101510.0
008
260328s9999||||xx |||||||||||||| ||und||
100
_a
Jardot, Maurice
245
0
_a
Le Corbusier dessins /
_c
Maurice Jardot
260
_b
Deux Mondes
300
_a
80 p.
650
_a
ARQUITECTOS
942
_c
BK
999
_c
9165
_d
9165